000 01914nam a2200373 i 4500
001 768714001
003 CO-MdFUSB
005 20220407095504.0
007 ta
008 150721t2015 inu ob 001 0beng|d
020 _z9781575068336
040 _aMiAaPQ
_beng
_cCO-MdFUSB
_dMiAaPQ
_erda
_epn
041 _aeng
082 _223
_a225.92
_bJ53
100 1 _aJenks, R. Gregory,
_eautor.
245 1 0 _aPaul and his mortality :
_bimitating Christ in the face of death /
_cR. Gregory Jenks.
264 1 _aWinona Lake, IN :
_bEisenbrauns,
_c[2015]
264 4 _c© 2015
300 _a286 páginas
_c; 24 cm
336 _atexto
_2rdacontent.
_btxt
337 _asin mediación
_2rdamedia.
_bn
338 _avideodisco
_2rdacarrier.
_bnc
490 1 _aBulletin for biblical research supplements ;
504 _aIncluye referencias bibliográficas e indice.
505 _aTítulo; Tabla de contenido; Expresiones de gratitud; abreviaturas; Capítulo 1 Introducción; Capítulo 2 La semántica de la mortalidad; Capítulo 3 Mortalidad entre los gentiles; Capítulo 4 Mortalidad entre los judíos: La Torá; Capítulo 5 La Mortalidad entre los Judíos: El Resto del Canon del Antiguo Testamento; Capítulo 6 Mortalidad entre los judíos: el período intertestamentario; Capítulo 7 Jesús y la muerte voluntaria; Capítulo 8 La Iglesia Naciente y la Muerte Voluntaria; Capítulo 9 La visión de la muerte de Pablo; Capítulo 10 La mortalidad de Pablo en imitación de la muerte de Jesús; Capítulo 11 Conclusión: Pablo y su mortalidad Apéndice A: La fecha de la muerte de Pablo Bibliografía; Índice de Autores; Índice de las Escrituras
563 _aPasta dura
600 0 _aPablo,
_cSanto
_xBiografía
600 7 _aPablo,
_cSanto
_xTeología
650 0 _aMuerte
_91613
830 0 _aBulletin for biblical research supplements ;
_v12.
942 _cBK
945 _aJTF-925
999 _c67579
_d67579